000 02230 a2200241 4500
001 11456
003 IN-BhIIT
005 20260505112037.0
008 260408b |||||||| |||| 00| 0 eng d
020 _a9780128014561(hbk.)
040 _aIN-BhIIT
041 _aeng
082 _a621.31
_bWAR/H
100 _a Warner, John T.
_eAuthor
_927753
245 _aThe handbook of lithium-Ion battery pack design :
_bchemistry, components, types and terminology /
_cJohn T. Warner
260 _aAmsterdam :
_bElsevier Science,
_c2015.
300 _axxi, 239 p. :
_bill. ;
_c28 cm.
504 _aIncludes bibliographical references and index.
520 _aThe Handbook of Lithium-Ion Battery Pack Design: Chemistry, Components, Types and Terminology offers to the reader a clear and concise explanation of how Li-ion batteries are designed from the perspective of a manager, sales person, product manager or entry level engineer who is not already an expert in Li-ion battery design. It will offer a layman's explanation of the history of vehicle electrification, what the various terminology means, and how to do some simple calculations that can be used in determining basic battery sizing, capacity, voltage and energy. By the end of this book the reader has a solid understanding of all of the terminology around Li-ion batteries and is able to do some simple battery calculations. The book is immensely useful to beginning and experienced engineer alike who are moving into the battery field. Li-ion batteries are one of the most unique systems in automobiles today in that they combine multiple engineering disciplines, yet most engineering programs focus on only a single engineering field. This book provides you with a reference to the history, terminology and design criteria needed to understand the Li-ion battery and to successfully lay out a new battery concept. Whether you are an electrical engineer, a mechanical engineer or a chemist this book helps you better appreciate the inter-relationships between the various battery engineering fields that are required to understand the battery as an Energy Storage System.
650 _aLithium ion batteries
650 _aStorage batteries
_xDesign
_927672
942 _cTRB
999 _c15454
_d15454